Stare flagi państw obecnych - Statystyki

Ogólne statystyki
  • Ten quiz został rozwiązany 550 razy
  • Średni wynik to 14 z 25
Statystyki odpowiedzi
Obrazkowy Odpowiedź % Poprawnych
Francja
96%
Brazylia
95%
Stany Zjednoczone
93%
Polska
92%
Niemcy
91%
Argentyna
87%
Japonia
81%
Filipiny
78%
Afganistan
74%
Serbia
72%
Litwa
70%
Kolumbia
68%
Rosja
68%
Chorwacja
50%
Etiopia
46%
Indie
44%
Demokratyczna Republika Konga
38%
Finlandia
38%
Watykan
36%
Chiny
34%
Irak
18%
Malta
17%
Republika Południowej Afryki
11%
Malezja
6%
Maroko
3%
Nie znaleziono quizów pasujących do podanych kryteriów
Rozkład punktacji
Procent ludzi z każdym wynikiem
Percentyl według liczby udzielonych odpowiedzi
Twoja historia wyników
Nie rozwiązałeś tego quizu